• 首页
  • 本馆介绍
  • 公告通知
  • 最新文献
  • 馆藏检索
  • 电子资源
  • 读者导购
  • 参考咨询
  • 我的图书馆
  • 登录
  • 详细信息显示
  • 放入我的书架
  • 预约/预借图书
  • 作者相关作品
  • 分类相关作品
  • 丛书相关作品
  • 出版社相关作品

书目信息

  • 表格格式
  • 工作单格式
  • 卡片格式
题名:
评剧打击乐演奏与应用
    
 
作者: 白国全 编著
分册: 上  
出版信息: 北京   中国戏剧出版社  2014
页数: 222页
开本: 24cm
丛书名:
单 册:
中图分类: J632.5 , J617.522
科图分类:
主题词: 评剧--打击乐组--演奏
电子资源:
ISBN: 978-7-104-04153-5
000 00921nam0 2200241 450
001 338004
005 20150601083140.92
010    @a978-7-104-04153-5@dCNY44.00
100    @a20150310d2014 em y0chiy50 ea
101 0  @achi
102    @aCN@b110000
105    @aag z 000yy
106    @ar
200 1  @a评剧打击乐演奏与应用@Aping ju da ji yue yan zou yu ying yong@h上@f白国全编著
210    @a北京@c中国戏剧出版社@d2014
215    @a222页@c图@d24cm
330    @a本书共分四个部分: 第一部分是“评剧打击乐的基本理论”, 主要讲述的是基本知识。第二部分是“评剧板鼓技巧”, 主要讲述板鼓的演练方式、方法, 及其对评剧唱腔音乐的领奏手法。第三部分是“评剧应用的锣鼓点子”。第四部分是整编的“常用曲牌”, 分为“唢呐曲牌、丝竹曲牌”两章。
606 0  @a评剧@x打击乐组@x演奏
690    @aJ632.5@v5
690    @aJ617.522@v5
701  0 @a白国全@Abai guo quan@4编著
801  0 @aCN@b卓展宏图@c20150525
905    @dJ632.5@e78:1@f3
    
    评剧打击乐演奏与应用.上/白国全编著.-北京:中国戏剧出版社,2014
    222页:图;24cm
    
    
    ISBN 978-7-104-04153-5:CNY44.00
    本书共分四个部分: 第一部分是“评剧打击乐的基本理论”, 主要讲述的是基本知识。第二部分是“评剧板鼓技巧”, 主要讲述板鼓的演练方式、方法, 及其对评剧唱腔音乐的领奏手法。第三部分是“评剧应用的锣鼓点子”。第四部分是整编的“常用曲牌”, 分为“唢呐曲牌、丝竹曲牌”两章。
●
相关链接 在E读中查询图书 在五车中查询图书 在当当中查询图书 在豆瓣中查询图书


正题名:评剧打击乐演奏与应用     索取号:J632.5/78:1         预约/预借

序号 登录号 条形码 馆藏地/架位号 状态 备注
1 857068   208570688   第一样本阅览室/ [索取号:J632.5/78:1] 在馆    
2 857069   208570697   第一借阅区/ [索取号:J632.5/78:1] 在馆    
3 857070   208570704   密集书库-音乐系/ [索取号:J632.5/78:1] 在馆    
唐山师范学院图书馆 欢迎您!
大连网信软件有限公司© 版权所有